| 000 | 00713nam a2200205Ia 4500 | ||
|---|---|---|---|
| 003 | GCL | ||
| 008 | 140319s9999 xx 000 0 ara d | ||
| 040 |
_aGCL / _cGCL |
||
| 082 | 0 | 4 |
_a184 _bا ا |
| 100 | 1 | _aشيكونى ، انجلو | |
| 245 | 1 | 0 |
_aافلاطون والفضيلة مع فصل اخير حول موضوع الفضيلة بين افلاطون والفارابى / _cشيكونى ، انجلو |
| 700 | 1 | _aمنير ضبينى | |
| 250 | _aالاولى | ||
| 260 |
_aبيروت : _bدار الجيل ، _c1986 |
||
| 300 |
_a140 ص ؛ _c24 سم |
||
| 650 | 0 | 4 | _aالفلسفة الافلاطونية |
| 650 | 0 | 4 | _aالفضيلة |
| 650 | 0 | 4 | _aالسقراطية (فلسفة) |
| 942 |
_2ddc _cBK |
||
| 999 |
_c56033 _d56033 |
||